000 00464nam a2200181Ia 4500
001 5060
005 20260306145840.0
008 260306t2013||||xx |||||||||||||| ||spa||
041 _aESP
082 _a332.678
_bG22
100 _aGarcía Boza, Juan
_eAUT
245 0 _aInversiones financieras:
_bselección de carteras: teoría y práctica
260 _c2013
300 _a458 páginas :
_c24 cm.
650 _aGEN
654 _aCAN
942 _cLIB
_dJUS
_fJUS
_2ddc
_n
999 _c5060
_d5060